00664nam a2200181 a 450000100100000000500170001000800410002704000250006808200150009310000420010824501280015026000350027830000210031350000420033450000420037650400290041870000350044700002223020250205122719.0100920s1999 dr 000 0 spa d aDO-SdBNPbspacBNPHU axxxbP343i1 aPayán Areché, Luis Ramónd1956- 0aInteligencia y técnicas de investigación :bmanual didáctico /cLuis Ramón Payán Areché ; César Pina Toribio. aSanto DomingofAníbalc1999. a210 p. ;c24 cm. aIncluye datos biográficos del autor aIncluye notas al pie de las páginas aBibliografía : 209-2101 aPina Toribio, Césarepról.